Classification theory : proceedings of the U.S.-Israel Workshop on Model Theory in Mathematical Logic held in Chicago, Dec. 15-19, 1985 /

Bibliographic Details
Corporate Author: U.S.-Israel Workshop on Model Theory in Mathematical Logic
Other Authors: Baldwin, John T.
Format: Conference Proceeding Book
Language:English
Published: Berlin ; New York : Springer-Verlag, [1987]
Series:Lecture notes in mathematics (Springer-Verlag) ; 1292.
Subjects:

MARC

Tag First Indicator Second Indicator Subfields
LEADER 00000cam a2200000 a 4500
001 in00000018836
005 20151007054058.0
008 880310s1987 gw b 10000 eng d
020 |a 3540186743 (Berlin) 
020 |a 0387186743 (U.S.) 
035 |a (OCoLC)17604616 
035 |9 AAB3913AM 
040 |a TXA  |c TXA  |d VPI  |d NRC  |d TXA  |d UtOrBLW 
049 |a TXAM  |c [A11072619] 
050 4 |a QA3  |b .L28 v.1292 
245 0 0 |a Classification theory :  |b proceedings of the U.S.-Israel Workshop on Model Theory in Mathematical Logic held in Chicago, Dec. 15-19, 1985 /  |c J.T. Baldwin (ed.). 
264 1 |a Berlin ;  |a New York :  |b Springer-Verlag,  |c [1987] 
264 4 |c ©1987 
300 |a 500 pages ;  |c 24 cm. 
336 |a text  |b txt  |2 rdacontent 
337 |a unmediated  |b n  |2 rdamedia 
338 |a volume  |b nc  |2 rdacarrier 
490 1 |a Lecture notes in mathematics (Springer-Verlag) ;  |v 1292 
504 |a Includes bibliographies. 
650 0 |a Discriminant analysis. 
650 0 |a Multivariate analysis. 
700 1 |a Baldwin, John T. 
711 2 |a U.S.-Israel Workshop on Model Theory in Mathematical Logic  |d (1985 :  |c Chicago, Ill.) 
830 0 |a Lecture notes in mathematics (Springer-Verlag) ;  |v 1292. 
999 |a MARS 
999 f f |s 35ce0c5f-1afd-3de6-ae2d-9341c170e2e6  |i 1bc5da7f-9257-3229-aa57-81d3396937b3  |t 0 
952 f f |p ric  |a Texas A&M University  |b Rellis Campus  |c Joint Library Facility  |d Remote Storage  |t 0  |e QA3 .L28 no. 1292  |h Library of Congress classification  |i unmediated -- volume  |m A14811072619 
998 f f |a QA3 .L28 no. 1292  |t 0  |l Remote Storage